Revista de derecho procesal 2021 - 2 : el proceso eficaz II /
Guardado en:
| Formato: | Libro |
|---|---|
| Idioma: | Spanish |
| Publicado: |
Santa Fe :
Rubinzal - Culzoni,
2021.
|
| Edición: | 1a. ed. rev. |
| Materias: | |
| Etiquetas: |
Agregar Etiqueta
Sin Etiquetas, Sea el primero en etiquetar este registro!
|
| LEADER | 00558nam a22001815a 4500 | ||
|---|---|---|---|
| 001 | DER.der014692 | ||
| 008 | 220131s2021####ag#||||||||||||||#||spa|| | ||
| 005 | 20230613111140.0 | ||
| 245 | 1 | 0 | |a Revista de derecho procesal 2021 - 2 : |b el proceso eficaz II / |c Arazi, Roland. |
| 250 | |a 1a. ed. rev. | ||
| 260 | |a Santa Fe : |b Rubinzal - Culzoni, |c 2021. | ||
| 300 | |a 600 p. | ||
| 020 | |a 9789873030628 | ||
| 700 | 1 | |a Arazi, Roland., |e dir. | |
| 650 | 7 | |a ORALIDAD | |
| 650 | 7 | |a INTELIGENCIA ARTIFICIAL | |
| 650 | 7 | |a COSA JUZGADA | |
| 859 | |a DERECHO |b BIB. DERECHO |h 347.05 |i REV |p 0010013 | ||
